000
00288nam a2200109Ia 4500
008
200302s9999 xx 000 0 und d
100
_a
Anibal Costa and Others
245
_a
Structural Rehabilitation of old Buildings
260
_b
Springer Verlag Published
260
_c
2014
300
_a
348
999
_c
3672
_d
3672